| 000 | 00958cab a2200289 4500 | ||
|---|---|---|---|
| 001 | WB3422-31 | ||
| 008 | 090401t1998 xxu||||| |||| 00| 0 eng d | ||
| 035 | _a(Sirsi) u86730 | ||
| 041 | _aeng | ||
| 245 | _aEU taxes could hit the British art market | ||
| 260 | _c1998 | ||
| 350 | _a0 | ||
| 490 |
_aDaily Telegraph _v8 June 1998, 11; 9 June 1998, 18 |
||
| 490 |
_aAntiques Trade Gazette _v(1342) 6 June 1998, 1&2(3) |
||
| 520 | _aThe Shadow Treasury spokesman has claimed that Britain`s position at the centre of the international art market would be destroyed by the introduction of two taxes by Brussels. | ||
| 650 |
_aArts and antiques _96217 |
||
| 650 | _aART MARKET | ||
| 650 | _aARTISTS RESALE LEVY | ||
| 650 |
_aAuctioneering _96218 |
||
| 650 | _aDIRECTIVE 2001/84/EC | ||
| 650 | _aRESALE TAX | ||
| 650 | _aTAX HARMONISATION | ||
| 650 | _aVALUE ADDED TAX | ||
| 690 |
_aArts and antiques _96217 |
||
| 942 | _n0 | ||
| 948 | _c09/06/1998 | ||
| 999 |
_c54618 _d54618 |
||